000 00575nam a2200217Ia 4500
005 20240409134756.0
008 131103s9999 xx 000 0 und d
020 _a582025435
040 _aLoreto College
041 _aEnglish
082 _a370.1
_bFAR
100 _aFarrant, J.S.
245 _aPrinciples and Practice of Education
_cJ.S.Farrant
260 _aLondon
_bE.L.B.S
_c1988
300 _axii,386p.
_b ill.
504 _aIncludes index
650 _aEducation
651 _aEducation - Philosophy and Theory Of Education
850 _aLCBED
942 _cBK
999 _c26273
_d76752